000 00802nam a2200265Ia 4500
999 _c30460
_d30460
003 GCL
005 20240530102206.0
008 140319s9999 xx 000 0 ara d
040 _aGCL /
_cGCL
082 0 4 _a213
_bم ف
100 1 _aمحمد سيد طنطاوى
245 1 0 _aفكر المسلم المعاصر ما الذى يشغله /
_cمحمد سيد طنطاوى
260 _a[S.N] :
_bمركز الاهرام للترجمة والنشر ،
_c1992
300 _a258 ص
650 0 4 _aالاقتصاد
650 0 4 _aالطب
650 0 4 _aالاسلام
650 0 4 _aالمرأة
650 0 4 _aالسياسة
650 0 4 _aالعبادات
650 0 4 _aالحضارة الغربية
650 0 4 _aالعادات
650 0 4 _aالحياة المعاصرة
942 _2ddc
_cBK